000 00406nam a2200169Ia 4500
008 221030s9999 xx 000 0 und d
020 _a0071159975
041 _aEnglish
082 _a105.23
_bHay
100 _aJ. P. Hayes
245 0 _aComputer Architecture & Organization
_cby J. P. Hayes
250 _a3rd
260 _bTMH
_aNew Delhi
_c1998
300 _a604
650 _aBE Computer
942 _cBK
999 _c3197
_d3197